header

Public libraries in the 21st century (Record no. 40072)

MARC details
000 -LEADER
fixed length control field 01528nam a2200373 a 4500
082 04 - DEWEY DECIMAL CLASSIFICATION NUMBER
Classification number 074.441
100 1# - MAIN ENTRY--AUTHOR NAME
Personal name Goulding, Anne.
245 10 - TITLE STATEMENT
Title Public libraries in the 21st century
260 ## - PUBLICATION, DISTRIBUTION, ETC. (IMPRINT)
Place of publication Aldershot, England ;
-- Burlington, VT :
Name of publisher Ashgate Pub. Co,
Year of publication c2006.
300 ## - PHYSICAL DESCRIPTION
Number of Pages 387 p. :
Other physical details ill.
650 #0 - SUBJECT ADDED ENTRY--TOPICAL TERM
Topical Term Public libraries
Topical Term Public libraries
Topical Term Libraries and community
Topical Term Public libraries
856 40 - ELECTRONIC LOCATION AND ACCESS
Uniform Resource Identifier http://site.ebrary.com/lib/rucke/Doc?id=10224501

No items available.

© 2026 Rongo University
Contact us: librarian | system librarian | Rongo university